Human resource management / (Record no. 13116)

000 -LEADER
fixed length control field 01090pam a2200301 a 4500
001 - CONTROL NUMBER
control field 3940682
003 - CONTROL NUMBER IDENTIFIER
control field OSt
005 - DATE AND TIME OF LATEST TRANSACTION
control field 20160810084803.0
008 - FIXED-LENGTH DATA ELEMENTS--GENERAL INFORMATION
fixed length control field 930421s1994 mnua b 001 0 eng
010 ## - LIBRARY OF CONGRESS CONTROL NUMBER
LC control number 93004430
020 ## - INTERNATIONAL STANDARD BOOK NUMBER
International Standard Book Number 0314025294 (alk. paper)
040 ## - CATALOGING SOURCE
Original cataloging agency DLC
Transcribing agency DLC
Modifying agency DLC
050 00 - LIBRARY OF CONGRESS CALL NUMBER
Classification number HF5549
Item number .M3349 1994
082 00 - DEWEY DECIMAL CLASSIFICATION NUMBER
Classification number 658.3
Edition number 20
100 1# - MAIN ENTRY--PERSONAL NAME
Personal name Mathis, Robert L.,
Dates associated with a name 1944-
245 10 - TITLE STATEMENT
Title Human resource management /
Statement of responsibility, etc. Robert L. Mathis, John H. Jackson.
250 ## - EDITION STATEMENT
Edition statement 7th ed.
260 ## - PUBLICATION, DISTRIBUTION, ETC. (IMPRINT)
Place of publication, distribution, etc. Minneapolis :
Name of publisher, distributor, etc. West Pub. Co.,
Date of publication, distribution, etc. c1994.
300 ## - PHYSICAL DESCRIPTION
Extent xxviii, 656 p. :
Other physical details ill. ;
Dimensions 26 cm.
500 ## - GENERAL NOTE
General note Updated ed. of: Personnel/human resource management. 6th ed. c1991.
504 ## - BIBLIOGRAPHY, ETC. NOTE
Bibliography, etc Includes bibliographical references and indexes.
650 #0 - SUBJECT ADDED ENTRY--TOPICAL TERM
Topical term or geographic name as entry element Personnel management.
700 1# - ADDED ENTRY--PERSONAL NAME
Personal name Jackson, John Harold.
700 1# - ADDED ENTRY--PERSONAL NAME
Personal name Mathis, Robert L.,
Dates associated with a name 1944-
Title of a work Personnel/human resource management.
906 ## - LOCAL DATA ELEMENT F, LDF (RLIN)
a 7
b cbc
c orignew
d 1
e ocip
f 19
g y-gencatlg
942 ## - ADDED ENTRY ELEMENTS (KOHA)
Source of classification or shelving scheme
Koha item type Hard Covered Materials
Holdings
Withdrawn status Lost status Source of classification or shelving scheme Damaged status Not for loan Home library Current library Shelving location Date acquired Source of acquisition Total Checkouts Full call number Barcode Date last seen Price effective from Koha item type
          MACHAKOS UNIVERSITY LIBRARY MACHAKOS UNIVERSITY LIBRARY Open shelf 10/08/2016 Donation(BFA)   HF 5549.M3349 1994 22951 10/08/2016 10/08/2016 Hard Covered Materials
© Machakos University Library, Along The Highway, Machakos Wote Rd, Machakos, Kenya P.O. Box 136 - 90100 Machakos - Kenya

Tel: ( +254 ) 723 805829 OR Fax : 044-20353 OR Email: library@mksu.ac.ke